Cisco access control security : (رقم التسجيلة. 3720)

تفاصيل مارك
000 -الفاتح
حقل البيانات ثابتة الطول 01099cam a22002897a 4500
001 - رقم الضبط
رقم الضبط 12920281
003 - محدد رقم الضبط
رقم الضبط OSt
005 - وقت وتاريخ اخر تعامل مع التسجيلة
رقم الضبط 20150408113749.0
008 - عناصر البيانات ثابتة الطول - معلومات عامة
حقل البيانات ثابتة الطول 020906s2004 inua 001 0 eng d
010 ## - رقم ضبط مكتبة الكونجرس
رقم ضبط مكتبة الكونجرس 2002112745
020 ## - الرقم الدولى المعيارى للكتب
الرقم الدولى المعيارى للكتاب 1587051249
035 ## - رقم ضبط النظام
رقم ضبط النظام (OCoLC)ocm56322498
040 ## - مصدر الفهرسة
وكالة الفهرسة الأصلية HKP
وكالة النسخ HKP
وكالة التعديل DLC
042 ## - رمز التحقق
رمز التحقق lccopycat
050 00 - رقم طلب مكتبة الكونجرس
رقم التصنيف QA76.3
رقم المادة .C349 2004
082 00 - رقم تصنيف ديوى العشرى
رقم التصنيف 005.8
رقم الطبعة 22
100 1# - المدخل الرئيسى - إسم شخصى
الإسم الشخصى Carroll, Brandon.
9 (RLIN) 8472
245 10 - بيان العنوان
العنوان Cisco access control security :
بقية العنوان AAA administrative services /
بيان المسئوليه,etc Brandon Carroll.
260 ## - PUBLICATION, DISTRIBUTION, ETC. (IMPRINT)
مكان الناشر او الموزع Indianapolis, Ind. :
اسم الناشر او الموزع Cisco Press,
تاريخ النشر أو التوزيع c2004.
300 ## - الوصف المادى
التعداد xxi, 431 p. :
تفاصيل ماديه اخرى للوعاء ill. ;
أبعاد الوعاء 24 cm.
440 #0 - بيان السلسلة/مدخل إضافى-العنوان
العنوان Networking technology series
9 (RLIN) 8473
500 ## - تبصرة عامة
تبصرة عامة Includes index.
610 20 - المدخل الاضافى بالموضوع-اسم هيئة
اسم الهيئة أو اسم السلطة كمدخل Cisco Systems, Inc.
9 (RLIN) 6109
650 #0 - المدخل الاضافى بالموضوع-مصطلح موضوعى
مصطلح موضوعي أو اسم جغرافي كعنصر مدخل Computer networks
التقسيم الفرعي العام Security measures
-- Examinations
التقسيم الفرعي الشكلي Study guides.
9 (RLIN) 8452
942 ## - عناصر المدخل الإضافي( كوها)
مصدر التصنيف او مخطط الترفيف Dewey Decimal Classification
Koha [default] item type كتاب
المقتنيات
حالة الفقد نموذج السعر الفعال حالة تلف ليس للاعارة رقم الطلب تاريخ الاكتساب الموقع الحالي الباركود الفرع الرئيسي Date last seen نوع المادة فى نظام كوها مصدر التصنيف او خطة الترفيف Total Checkouts
  2013-03-10     005.8 C B C 2011-12-14 مكتبة مجمع الكليات بالزلفى - طلاب (SZM) 00012376 مكتبة مجمع الكليات بالزلفى - طلاب (SZM) 2013-03-10 كتاب Dewey Decimal Classification  
  2013-03-10     005.8 C B C 2011-12-14 مكتبة مجمع الكليات بالزلفى - طلاب (SZM) 00012377 مكتبة مجمع الكليات بالزلفى - طلاب (SZM) 2013-03-10 كتاب Dewey Decimal Classification  
  2013-03-10     005.8 C B C 2011-12-14 مكتبة مجمع الكليات بالزلفى - طلاب (SZM) 00012378 مكتبة مجمع الكليات بالزلفى - طلاب (SZM) 2013-03-10 كتاب Dewey Decimal Classification